Nazioni che hanno ospitato più Olimpiadi estive - Statistics

Statistiche generali
  • Questo quiz è stato fatto 31 volte
  • Il punteggio medio è 7 su 7
Statistiche sulle risposte
Numero edizioni Edizioni ospitate Nazione % Corretto
3 1900; 1924; 2024 Francia
100%
3 1908; 1948; 2012 Regno Unito
100%
2 1964; 2020 Giappone
97%
2 1896; 2004 Grecia
97%
4 1904; 1932; 1984; 1996 Stati Uniti
97%
2 1956; 2000 Australia
90%
2 1936; 1972 Germania
86%
Nessun quiz corrispondente trovato
Distribuzione punteggi
Percentuale di utenti per punteggio
Percentile per numero di risposta
I tuoi punteggi nel tempo
Non hai fatto questo quiz